| 000 | 00608nam a22001817a 4500 | ||
|---|---|---|---|
| 999 |
_c9171 _d9171 |
||
| 003 | GBCCL | ||
| 005 | 20241126110706.0 | ||
| 008 | 220419b ||||| |||| 00| 0 eng d | ||
| 040 | _cGBC | ||
| 082 |
_a261.832 _bBOO |
||
| 100 |
_aBoone, Pat _910057 |
||
| 245 |
_aThe human touch : _bthe story of Easter Seals / _cPat Boone. |
||
| 260 |
_a[Place of publication not identified] : _b[Potomac Pub. Co.], _c©1990. |
||
| 300 |
_a106 pages ; _c18 cm |
||
| 505 | _a"Reprinted and condensed by arrangement with Wieser & Wieser, Inc." | ||
| 650 |
_aPeople with disabilities _vServices for. _915980 |
||
| 942 |
_2ddc _cBK |
||